The New Palgrave: general equilibrium (Record no. 52169)

MARC details
000 -LEADER
fixed length control field 00844nam a2200205 a 4500
008 - FIXED-LENGTH DATA ELEMENTS--GENERAL INFORMATION
fixed length control field 120416s1989 ||||||||||||||||| || u
020 ## - INTERNATIONAL STANDARD BOOK NUMBER
International Standard Book Number 0333495241
020 ## - INTERNATIONAL STANDARD BOOK NUMBER
International Standard Book Number 033349525X
050 ## - LIBRARY OF CONGRESS CALL NUMBER
Classification number HB 61 New
100 ## - MAIN ENTRY--PERSONAL NAME
Personal name Eatwell, John
245 14 - TITLE STATEMENT
Title The New Palgrave: general equilibrium
Statement of responsibility, etc. edited by John Eatwell, and others
260 ## - PUBLICATION, DISTRIBUTION, ETC.
Place of publication, distribution, etc. London:
Name of publisher, distributor, etc. Macmillan Reference Books
Date of publication, distribution, etc. 1989
300 ## - PHYSICAL DESCRIPTION
Extent 346 p.: ill.
350 ## - PRICE (NR) (BK AM CF MU VM SE) [OBSOLETE]
Price 0.00
500 ## - GENERAL NOTE
General note "First published in the New Palgrave, a dictionary of economics ... in four volumes, 1987."--Verso t.p. -Includs bibliographical references.
650 #0 - SUBJECT ADDED ENTRY--TOPICAL TERM
Topical term or geographic name entry element EQUILIBRIUM--ECONOMICS
700 ## - ADDED ENTRY--PERSONAL NAME
Personal name Milgate, Murray
700 ## - ADDED ENTRY--PERSONAL NAME
Personal name Newman, Peter K., 1928-
995 ## - RECOMMENDATION 995 [LOCAL, UNIMARC FRANCE]
-- 0.00
-- CBU-MAIN LIBRARY (Kitwe)
-- 1
-- 10.95
-- 1
-- AVAILABLE
-- Main Library Open Access Collection
Holdings
Withdrawn status Lost status Source of classification or shelving scheme Damaged status Not for loan Home library Current library Shelving location Date acquired Total Checkouts Full call number Barcode Date last seen Price effective from Koha item type
          CBU-MAIN LIBRARY, KITWE. CBU-MAIN LIBRARY, KITWE.   11/30/2022   HB 61 New 46086 11/30/2022 11/30/2022 MONOGRAPH